<?xml version="1.0" encoding="UTF-8"?>
<record
    xmlns:xsi="http://www.w3.org/2001/XMLSchema-instance"
    xsi:schemaLocation="http://www.loc.gov/MARC21/slim http://www.loc.gov/standards/marcxml/schema/MARC21slim.xsd"
    xmlns="http://www.loc.gov/MARC21/slim">

  <leader>01218nam a2200205 a 4500</leader>
  <controlfield tag="008">200311s1998    ag ||||gr|||| 001 f spa d</controlfield>
  <datafield tag="020" ind1=" " ind2=" ">
    <subfield code="a">844940925</subfield>
  </datafield>
  <datafield tag="041" ind1=" " ind2=" ">
    <subfield code="a">spa</subfield>
  </datafield>
  <datafield tag="092" ind1=" " ind2=" ">
    <subfield code="c">808</subfield>
    <subfield code="l">28</subfield>
    <subfield code="s">GAR</subfield>
  </datafield>
  <datafield tag="100" ind1="1" ind2=" ">
    <subfield code="a">Garc&#xED;a Lorca, Federico.</subfield>
    <subfield code="9">4133</subfield>
  </datafield>
  <datafield tag="245" ind1=" " ind2=" ">
    <subfield code="a">Bodas de sangre /</subfield>
    <subfield code="c">Federico Garc&#xED;a Lorca.</subfield>
  </datafield>
  <datafield tag="250" ind1=" " ind2=" ">
    <subfield code="a">1a ed.</subfield>
    <subfield code="b">Pr&#xF3;logo Luis Martinez Cuiti&#xF1;o.</subfield>
  </datafield>
  <datafield tag="260" ind1=" " ind2=" ">
    <subfield code="a">Buenos Aires:</subfield>
    <subfield code="b">Losada;</subfield>
    <subfield code="c">1998.</subfield>
  </datafield>
  <datafield tag="300" ind1=" " ind2=" ">
    <subfield code="a">125 p.</subfield>
  </datafield>
  <datafield tag="500" ind1=" " ind2=" ">
    <subfield code="a">Garc&#xED;a Lorca, F. (1998). Bodas de sangre. (1a ed.). Barcelona : Losada.
</subfield>
  </datafield>
  <datafield tag="505" ind1=" " ind2=" ">
    <subfield code="a">Bodas de sangre de Federico Garcia Lorca (1899-1936), constituye, junto a Yerma y La casa de Bernarda Alba, una tr&#xEC;logia tr&#xE0;gica centrada en la vida de la mujer y su posici&#xF2;n en una sociedad rural que todav&#xEC;a vive bajo la fuerza de la traici&#xF2;n y donde las pasiones pueden destruir la vida de los protagonistas.Bodas de sangre es un claro ejemplo de ello. Los malos presagios que vive la madre de la novia,muertos, su marido y su hijo por la violencia de los hombres, caer&#xE0;n sobre el matrimonio de su hija. Pasi&#xF2;n, venganza y muerte ti&#xF1;en estas Bodas de sangre.</subfield>
  </datafield>
  <datafield tag="590" ind1=" " ind2=" ">
    <subfield code="a">Proyecto 4to libro. Donaci&#xF3;n Pardo Paula. Marzo 2020.</subfield>
  </datafield>
  <datafield tag="655" ind1=" " ind2=" ">
    <subfield code="a">Literatura</subfield>
    <subfield code="9">2917</subfield>
  </datafield>
  <datafield tag="942" ind1=" " ind2=" ">
    <subfield code="2">ddc</subfield>
    <subfield code="c">LIT</subfield>
  </datafield>
  <datafield tag="999" ind1=" " ind2=" ">
    <subfield code="c">3085</subfield>
    <subfield code="d">3085</subfield>
  </datafield>
  <datafield tag="952" ind1=" " ind2=" ">
    <subfield code="0">0</subfield>
    <subfield code="1">0</subfield>
    <subfield code="2">ddc</subfield>
    <subfield code="4">0</subfield>
    <subfield code="7">0</subfield>
    <subfield code="a">BFM</subfield>
    <subfield code="b">BFM</subfield>
    <subfield code="c">CR</subfield>
    <subfield code="d">2020-03-11</subfield>
    <subfield code="e">Donaci&#xF3;n Pardo, Paula. marzo 2020</subfield>
    <subfield code="l">0</subfield>
    <subfield code="o">808 28 GAR</subfield>
    <subfield code="p">4645</subfield>
    <subfield code="r">2020-03-11</subfield>
    <subfield code="t">Ej. 1</subfield>
    <subfield code="w">2020-03-11</subfield>
    <subfield code="y">LIT</subfield>
    <subfield code="z">Donaci&#xF3;n Pardo, Paula. marzo 2020</subfield>
  </datafield>
</record>
